Financial markets and institutions / (Record no. 280)

MARC details
000 -LEADER
fixed length control field 00654nam a22002057a 4500
003 - CONTROL NUMBER IDENTIFIER
control field OSt
005 - DATE AND TIME OF LATEST TRANSACTION
control field 20240606055802.0
008 - FIXED-LENGTH DATA ELEMENTS--GENERAL INFORMATION
fixed length control field 240606b |||||||| |||| 00| 0 eng d
020 ## - INTERNATIONAL STANDARD BOOK NUMBER
International Standard Book Number 9786214160860
040 ## - CATALOGING SOURCE
Original cataloging agency DWC- Main Lib
Transcribing agency OC
082 ## - DEWEY DECIMAL CLASSIFICATION NUMBER
Classification number Fil. 332.1 C117f 2020
100 ## - MAIN ENTRY--PERSONAL NAME
Personal name Cabrera, Elenita Balatbat
245 ## - TITLE STATEMENT
Title Financial markets and institutions /
Statement of responsibility, etc. Elenita Balatbat Cabrera
250 ## - EDITION STATEMENT
Edition statement 2020 edition
260 ## - PUBLICATION, DISTRIBUTION, ETC.
Place of publication, distribution, etc. Manila, Philippines :
Name of publisher, distributor, etc. GIC Enterprises & Co., Inc.,
Date of publication, distribution, etc. c2020.
300 ## - PHYSICAL DESCRIPTION
Extent xiv, 353 pages :
Other physical details illustrations ;
Dimensions 23cm.
650 ## - SUBJECT ADDED ENTRY--TOPICAL TERM
Topical term or geographic name entry element 1. Finances.
650 ## - SUBJECT ADDED ENTRY--TOPICAL TERM
Topical term or geographic name entry element 2. Financial institution – Philippines
942 ## - ADDED ENTRY ELEMENTS (KOHA)
Source of classification or shelving scheme Dewey Decimal Classification
Koha item type Book-Filipiniana
Suppress in OPAC Yes
952 ## - LOCATION AND ITEM INFORMATION (KOHA)
--
952 ## - LOCATION AND ITEM INFORMATION (KOHA)
--
952 ## - LOCATION AND ITEM INFORMATION (KOHA)
--
952 ## - LOCATION AND ITEM INFORMATION (KOHA)
--
952 ## - LOCATION AND ITEM INFORMATION (KOHA)
--
952 ## - LOCATION AND ITEM INFORMATION (KOHA)
--
952 ## - LOCATION AND ITEM INFORMATION (KOHA)
--
952 ## - LOCATION AND ITEM INFORMATION (KOHA)
--
Holdings
Withdrawn status Lost status Source of classification or shelving scheme Damaged status Not for loan Home library Current library Date acquired Source of acquisition Cost, normal purchase price Total Checkouts Full call number Barcode Date last seen Copy number Price effective from Koha item type Uniform Resource Identifier
    Dewey Decimal Classification     College Library College Library 01/24/2020 School Fund 450.00   Fil. 332.1 C117f 2020 52428 06/06/2024 c1 06/06/2024 BK - FIL
    Dewey Decimal Classification     College Library College Library 01/24/2020 School Fund 450.00   Fil. 332.1 C117f 2020 52429 06/06/2024 c2 06/06/2024 BK - FIL
    Dewey Decimal Classification     College Library College Library 01/24/2020 School Fund 450.00   Fil. 332.1 C117f 2020 52430 06/06/2024 c3 06/06/2024 BK - FIL
    Dewey Decimal Classification     College Library College Library 01/24/2020 School Fund 450.00   Fil. 332.1 C117f 2020 52491 06/06/2024 c4 06/06/2024 BK - FIL
    Dewey Decimal Classification     College Library College Library 01/24/2020 School Fund 450.00   Fil. 332.1 C117f 2020 52492 06/06/2024 c5 06/06/2024 BK - FIL
    Dewey Decimal Classification     College Library College Library 01/24/2020 School Fund 450.00   Fil. 332.1 C117f 2020 52493 06/06/2024 c6 06/06/2024 BK - FIL
    Dewey Decimal Classification     College Library College Library 01/24/2020 School Fund 450.00   Fil. 332.1 C117f 2020 52495 06/06/2024 c7 06/06/2024 BK - FIL
    Dewey Decimal Classification     College Library College Library 01/24/2020 School Fund 450.00   Fil. 332.1 C117f 2020 52494 06/06/2024 c8 06/06/2024 BK - FIL